000 00684 a2200229 4500
005 20260219122010.0
008 260219b |||||||| |||| 00| 0 eng d
020 _a9789392798443
_cRs. 1895.00
040 _aMAIN
082 _a370.954
_bJ41I
100 _aJena, Sudhir Kumar
245 _aIndian knowledge systems: Evolution of education in ancient India
260 _bSSDN Publishers and Distributors
_c2026
_aNew Delhi
300 _avi, 197
650 _aEducation- India- History
650 _aVedic Education
650 _aEducation, Ancient- India
700 _aSahoo, Jayadeba
700 _aAcharya, Prasanta Kumar
700 _aNayak, Sushant Kumar
942 _cBK
999 _c396299
_d396299